01419nam a2200409 a 450000100060000000300080000600500170001400600190003100700150005000800410006502000180010603500230012403500240014703500250017103500210019604000260021705000220024308000080026508200120027310000260028524501290031126000470044030000110048744000150049853301640051365000330067765000310071065000270074165000250076865300280079365300300082165500270085170000220087870000280090071000190092885600620094747882FlNmELB20241216231912.0m o d | cr cn|||||||||201109r2011 sp |||||s|||||||||||spa d z9788479425364 a(MiAaPQ)EBC3194987 a(Au-PeEL)EBL3194987 a(CaPaEBR)ebr10491471 a(OCoLC)929291849 aFlNmELBbspacFlNmELB 4aHD5715bA473 2011 a33104a3312221 aAlvarez, Juan Carlos.10aFormación y orientación laboralh[recurso electronico] /cJuan Carlos Álvarez, Pilar Herráez, Miguel Ángel Prieto. a[Madrid] :bMacmillan Profesional,c[2011] a255 p. 0aEvoluciona aRecurso electrónico. Santa Fe, Arg.: e-libro, 2015. Disponible vía World Wide Web. El acceso puede estar limitado para las bibliotecas afiliadas a e-libro. 0aFormación para el trabajo. 0aOrientación profesional. 0aOccupational training. 0aVocational guidance. aOrientacion profesional aFormacion para el trabajo 4aLibros electrónicos.1 aHerráez, Pilar.1 aPrieto, Miguel Ángel.2 ae-libro, Corp.40uhttps://elibro.net/ereader/politecnicointernacional/52800